000
00288nam a2200109Ia 4500
008
200302s9999 xx 000 0 und d
100
_a
Yin Qian
245
_a
Endless Performance building for performing arts
260
_b
Design Media Publishing (UK) Ltd.,
260
_c
2010
300
_a
279
999
_c
7392
_d
7392